000 00181 a2200097 4500
020 _a9780736207218
041 _aspa
100 _aBrown hampton
245 _aBien dicho
942 _cBK
999 _c10839
_d10839